Principles of political science (Record no. 116676)
[ view plain ]
| 000 -LEADER | |
|---|---|
| fixed length control field | 00722nam a2200265Ia 4500 |
| 003 - CONTROL NUMBER IDENTIFIER | |
| control field | OSt |
| 005 - DATE AND TIME OF LATEST TRANSACTION | |
| control field | 20230418095004.0 |
| 008 - FIXED-LENGTH DATA ELEMENTS--GENERAL INFORMATION | |
| fixed length control field | 210210b1964 xxu||||| |||| 00| 0 eng d |
| 040 ## - CATALOGING SOURCE | |
| Transcribing agency | AL |
| 041 ## - LANGUAGE CODE | |
| Language code of text/sound track or separate title | eng |
| 082 ## - DEWEY DECIMAL CLASSIFICATION NUMBER | |
| Classification number | 320/188 |
| Item number | AGAP |
| 100 ## - MAIN ENTRY--PERSONAL NAME | |
| Personal name | N N AGARWAL and others |
| 9 (RLIN) | 89703 |
| 245 ## - TITLE STATEMENT | |
| Title | Principles of political science |
| 260 ## - PUBLICATION, DISTRIBUTION, ETC. | |
| Place of publication, distribution, etc. | Delhi |
| Name of publisher, distributor, etc. | Ram Chand & Co |
| Date of publication, distribution, etc. | 1964 |
| 300 ## - PHYSICAL DESCRIPTION | |
| Extent | viii,535p |
| Other physical details | PB |
| Dimensions | 31x13cm. |
| 650 ## - SUBJECT ADDED ENTRY--TOPICAL TERM | |
| Source of heading or term | Machinery of Government |
| 650 ## - SUBJECT ADDED ENTRY--TOPICAL TERM | |
| Source of heading or term | State and the Citizen |
| 650 ## - SUBJECT ADDED ENTRY--TOPICAL TERM | |
| Source of heading or term | Ideals and Ideologies |
| 690 ## - LOCAL SUBJECT ADDED ENTRY--TOPICAL TERM (OCLC, RLIN) | |
| Topical term or geographic name as entry element | Political Science |
| 9 (RLIN) | 89704 |
| 700 ## - ADDED ENTRY--PERSONAL NAME | |
| Personal name | AGARWAL (N N) |
| 9 (RLIN) | 89705 |
| 700 ## - ADDED ENTRY--PERSONAL NAME | |
| Dates associated with a name | BHUSHAN (Vidya) |
| 9 (RLIN) | 89706 |
| 700 ## - ADDED ENTRY--PERSONAL NAME | |
| Dates associated with a name | Bhagwan (Vishnoo) |
| 9 (RLIN) | 89707 |
| 906 ## - LOCAL DATA ELEMENT F, LDF (RLIN) | |
| a | 001765 |
| 942 ## - ADDED ENTRY ELEMENTS (KOHA) | |
| Source of classification or shelving scheme | Dewey Decimal Classification |
| Koha item type | Book |
| Withdrawn status | Lost status | Source of classification or shelving scheme | Damaged status | Not for loan | Collection code | Home library | Current library | Date acquired | Cost, normal purchase price | Total Checkouts | Full call number | Barcode | Date last seen | Price effective from | Koha item type | Shelving location |
|---|---|---|---|---|---|---|---|---|---|---|---|---|---|---|---|---|
| Dewey Decimal Classification | Rare Book | Political Science | St Aloysius Library | St Aloysius Library | 02/17/2021 | 10.00 | 320/6 | 001765 | 02/17/2021 | 02/17/2021 | Book | |||||
| Dewey Decimal Classification | Rare Book | Political Science | St Aloysius Library | St Aloysius Library | 02/17/2021 | 10.00 | 320/189 AGAP | SG01996 | 03/29/2023 | 02/17/2021 | Special Grants | UGC Book Bank | ||||
| Dewey Decimal Classification | Rare Book | Political Science | St Aloysius Library | St Aloysius Library | 02/17/2021 | 10.00 | 320/192 AGAP | SG02014 | 03/29/2023 | 02/17/2021 | Special Grants | UGC Book Bank | ||||
| Dewey Decimal Classification | Rare Book | Political Science | St Aloysius Library | St Aloysius Library | 02/17/2021 | 10.00 | 320/65 AGAP | BB01642 | 03/29/2023 | 02/17/2021 | Book Bank | UGC Book Bank | ||||
| Dewey Decimal Classification | Rare Book | Political Science | St Aloysius Library | St Aloysius Library | 02/17/2021 | 10.00 | 320/63 AGAP | BB01640 | 03/29/2023 | 02/17/2021 | Book Bank | UGC Book Bank | ||||
| Dewey Decimal Classification | Rare Book | Political Science | St Aloysius Library | St Aloysius Library | 02/17/2021 | 10.00 | 320/67 AGAP | BB01644 | 03/29/2023 | 02/17/2021 | Book Bank | UGC Book Bank | ||||
| Dewey Decimal Classification | Rare Book | Political Science | St Aloysius Library | St Aloysius Library | 02/17/2021 | 10.00 | 320/60 AGAP | BB01637 | 03/29/2023 | 02/17/2021 | Book Bank | UGC Book Bank | ||||
| Dewey Decimal Classification | Rare Book | Political Science | St Aloysius Library | St Aloysius Library | 02/17/2021 | 10.00 | 320/61 AGAP | BB01638 | 03/29/2023 | 02/17/2021 | Book Bank | UGC Book Bank | ||||
| Dewey Decimal Classification | Rare Book | Political Science | St Aloysius Library | St Aloysius Library | 02/17/2021 | 10.00 | 320/59 AGAP | BB01636 | 03/29/2023 | 02/17/2021 | Book Bank | UGC Book Bank | ||||
| Dewey Decimal Classification | Rare Book | Political Science | St Aloysius Library | St Aloysius Library | 02/17/2021 | 10.00 | 320/193 AGAP | SG02015 | 03/29/2023 | 02/17/2021 | Special Grants | UGC Book Bank | ||||
| Dewey Decimal Classification | Rare Book | Political Science | St Aloysius Library | St Aloysius Library | 02/17/2021 | 10.00 | 320/58 AGAP | BB01635 | 03/29/2023 | 02/17/2021 | Book Bank | UGC Book Bank | ||||
| Dewey Decimal Classification | Political Science | St Aloysius Library | St Aloysius Library | 02/17/2021 | 320/188 AGAP | SG01995 | 04/18/2023 | 04/18/2023 | Special Grants | UGC Book Bank |